LEADER 04205nam 2200553 450 001 9910788273303321 005 20230328160258.0 010 $a90-272-0484-5 010 $a90-272-6885-1 035 $a(CKB)2670000000619110 035 $a(EBL)2058743 035 $a(SSID)ssj0001550226 035 $a(PQKBManifestationID)16161439 035 $a(PQKBTitleCode)TC0001550226 035 $a(PQKBWorkID)14807287 035 $a(PQKB)10975693 035 $a(MiAaPQ)EBC2058743 035 $a(EXLCZ)992670000000619110 100 $a20150613h20152015 uy 0 101 0 $aeng 135 $aur|n|---||||| 181 $ctxt$2rdacontent 182 $cc$2rdamedia 183 $acr$2rdacarrier 200 00$aApproaches to Hungarian$hVolume 14 $epapers from the 2013 Piliscsaba conference /$feditors, Katalin E?. Kiss, Bala?zs Sura?nyi, E?va De?ka?ny 210 1$aAmsterdam ;$aPhiladelphia :$cJohn Benjamins Publishing Company,$d2015. 210 4$dİ2015 215 $a1 online resource (302 pages) 225 1 $aApproaches to Hungarian ;$vVolume 14 300 $aIncludes index. 311 08$aPrint version: Approaches to Hungarian. Volume 14. Amsterdam, Netherlands ; Philadelphia, Pennsylvania : John Benjamins Publishing Company, c2015 296 pages Approaches to Hungarian ; Volume 14. 9789027204844 327 $aApproaches to Hungarian; Editorial page; Title page; LCC data; Table of contents; Introduction; Arguments for arguments in the complement zone of the Hungarian nominal head; 1. Introduction; 2. Approaches to N-complements; 2.1 The Argument (Inheritance) Principle; 2.2 The complement zone of N in Hungarian: Is there any at all?; 2.3 Constituency tests in Hungarian; 2.4 When the "ill-formed" is quite well-formed (according to the literature); 3. Further potential tests concerning the constituent status of noun phrases with a non-empty complement zone; 3.1 Right periphery 327 $a4.4.3 Are first and second person different from third person? 4.5 Interim summary; 5. Conclusions; Acknowledgements; References; Why do sonorants not voice in Hungarian? And why do they voice in Slovak?; 1. Introduction; 1.2 Pre-sonorant voicing; 1.2 Jansen's (2004) phonetically-based approach; 1.3 Voicing assimilation in Hungarian and Slovak; 2. Experiments; 2.1 Speakers; 2.2 Material; 2.3 Method; 2.4 Measurements; 2.5 Statistical analysis; 3. Results; 3.1 Utterance-final position; 3.2 Word-medial intervocalic position; 3.3 Word-final obstruents before /p/ 327 $a3.4 Word-final obstruents before /b/3.5 Pre-sonorant position; 4. Discussion; 5. Conclusion; References; Appendix: Test sentences; Test sentences for Hungarian; Test sentences for Slovak; Word order variation in Hungarian PPs; 1. Introduction; 2. Variation in word order; 2.1 Variation in PP-internal word order; 2.2 Variation in positions in the clause; 2.3 Interim summary; 3. Analysis; 3.1 Background assumptions about PP structure; 3.2 Case-like Ps; 3.3 'Inflexible' case assigning Ps; 3.4 'Flexible' case assigning Ps that cannot be prepositions ; 3.5 'Flexible' case assigning Ps that can be prepositions 330 $aThe acoustic properties associated with prominence (e.g. duration, F0) may also serve for "phonemic" contrasts. The question is thus how speakers correctly interpret these properties. We address this question in terms of an extension of the Functional Load Hypothesis (FLH): given that vowel length is contrastive in Hungarian, the FLH predicts that duration will not be the main cue to prominence (i.e. stress or focus). Based on a large, systematically collected corpus, we demonstrate that this is, in fact, the case; the main cue for both is pitch (F0), though its characteristics are different. 410 0$aApproaches to Hungarian ;$v14. 606 $aHungarian language$xGrammar$vCongresses 615 0$aHungarian language$xGrammar 676 $a408 702 $aKiss$b Katalin E? 702 $aSura?nyi$b Bala?zs$f1975- 702 $aDe?ka?ny$b E?va$f1983- 801 0$bMiAaPQ 801 1$bMiAaPQ 801 2$bMiAaPQ 906 $aBOOK 912 $a9910788273303321 996 $aApproaches to Hungarian$92699622 997 $aUNINA LEADER 02313nam 2200565 450 001 9910788735003321 005 20170822144316.0 010 $a1-4704-0222-X 035 $a(CKB)3360000000464817 035 $a(EBL)3114489 035 $a(SSID)ssj0000888764 035 $a(PQKBManifestationID)11465736 035 $a(PQKBTitleCode)TC0000888764 035 $a(PQKBWorkID)10867685 035 $a(PQKB)10788720 035 $a(MiAaPQ)EBC3114489 035 $a(RPAM)4504682 035 $a(PPN)195415175 035 $a(EXLCZ)993360000000464817 100 $a19980120h19981998 uy| 0 101 0 $aeng 135 $aur|n|---||||| 181 $ctxt 182 $cc 183 $acr 200 10$aAlgebraic structure of pseudocompact groups /$fDikran Dikranjan, Dmitri Shakhmatov 210 1$aProvidence, Rhode Island :$cAmerican Mathematical Society,$d[1998] 210 4$dİ1998 215 $a1 online resource (83 p.) 225 1 $aMemoirs of the American Mathematical Society,$x0065-9266 ;$vnumber 633 300 $a"May 1998, volume 133, number 633 (fourth of 5 numbers)." 311 $a0-8218-0629-7 320 $aIncludes bibliographical references (pages 76-83). 327 $a""Contents""; ""Abstract""; ""Acknowledgments""; ""Introduction""; ""1. Principal results""; ""2. Preliminaries""; ""3. Some algebraic and set-theoretic properties of pseudocompact groups""; ""4. Three technical lemmas""; ""5. Pseudocompact group topologies on V-free groups""; ""6. Pseudocompact topologies on torsion Abelian groups""; ""7. Pseudocompact connected group topologies on Abelian groups""; ""8. Pseudocompact topologizations versus compact ones""; ""9. Some diagrams and open questions""; ""10. Diagram 2""; ""11. Diagram 3""; ""Bibliography"" 410 0$aMemoirs of the American Mathematical Society ;$vno. 633. 606 $aTopological groups 606 $aCompact groups 615 0$aTopological groups. 615 0$aCompact groups. 676 $a510 s 676 $a512/.5 700 $aDikranjan$b Dikran N.$f1950-$054921 702 $aShakhmatov$b Dmitri$f1961- 801 0$bMiAaPQ 801 1$bMiAaPQ 801 2$bMiAaPQ 906 $aBOOK 912 $a9910788735003321 996 $aAlgebraic structure of pseudocompact groups$93861790 997 $aUNINA LEADER 01027nam a2200313 i 4500 001 991004370738107536 005 20250305151554.0 008 250305s1990 it er 001 0 ita d 020 $a8804310782 (v. 1) 020 $a8804338008 (v. 2) 040 $aBibl. Dip.le Aggr. Scienze Giuridiche - Sez. Studi Giuridici$bita$cSocioculturale Scs 041 0 $aita 082 04$a945$223 100 1 $aRomeo, Rosario$033443 245 14$aGli scritti /$cRosario Romeo ; introduzione di Giovanni Spadolini 260 $aMilano :$bIl saggiatore,$c1990 300 $a2 volumi ;$c22 cm 490 1 $aLa cultura 500 $aTitolo del cofanetto 505 00$g[1]:$tScritti storici : 1951-1987. -$gXXVI, 470 p. 505 00$g[2]: Scritti politici : 1953-1987. -$g290 p. 600 14$aRomeo, Rosario$xOpere 651 4$aItalia$xStoria$y1951-1987 651 4$aItalia$xPolitica$y1950-1987 700 1 $aSpadolini, Giovanni 830 3$aLa cultura 912 $a991004370738107536 996 $aScritti$9483945 997 $aUNISALENTO